A home for little turtle

Bibliographic Details
Main Author: Chottin, Ariane
Format: Book
Published: Montreal : Reader's Digest , 1992
Subjects:

MARC

LEADER 00000cam a2200000 7i4500
001 0000007993
002 000008726
005 20000330.0
020 |a 0895774208 
090 0 0 |a JF   |b CHO 
100 1 |a Chottin, Ariane 
245 1 0 |a A home for little turtle   |c Ariane Chottin 
260 |a Montreal :   |b Reader's Digest ,   |c 1992 
300 |a p.v. :   |b ill. ;   |c 24cm. 
650 0 0 |a Children's stories 
999 |a 041831   |b BUKU   |c PINJAMAN   |e PERPUSTAKAAN KOMUNITI PETALING JAYA